03669cam a2200493 a 450000100090000000300040000900500170001300800410003001000170007101500190008801600180010702000340012502000370015902000340019602000370023002000220026702000250028903500230031404000950033704300210043205000220045308200160047508400150049124501450050626000440065130000390069549000250073450400640075950510650082352006170188865000490250565000430255465000530259765000470265070000260269770000330272377600980275683000320285485600860288690600450297294200120301799900190302995201270304814514451OSt20180116192421.0060823s2007 enkab b 001 0 eng  a 2006028117 aGBA6835932bnb7 a0135673682Uk a0415399084 (hbk : alk. paper) a9780415399081 (hbk : alk. paper) a0415399092 (pbk : alk. paper) a9780415399098 (pbk : alk. paper) a0203964268 (ebk.) a9780203964262 (ebk.) a(OCoLC)ocm71173820 aDLCbengcDLCdBAKERdBWKUKdYDXCPdUKMdIXAdBTCTAdNLGGCdBWKdYHMdI8HdSNUdOCLCQdDLC aa-ii---aa-ce---00aNA1501b.C55 200700a720.941222 a21.622bcl00aColonial modernities :bbuilding, dwelling and architecture in British India and Ceylon /cedited by Peter Scriver and Vikramaditya Prakash. aLondon ;aNew York :bRoutledge,c2007. aix, 287 p. :bill., maps ;c26 cm.1 aThe architext series aIncludes bibliographical references (p. 241-278) and index.00tBetween materiality and representation : framing an architecural critique of colonial South Asia /rPeter Scriver and Vikramaditya Prakash --tStones and texts : the architectural historiography of colonial India and its colonial-modern contexts /rPeter Scriver --tThe stone books of orientalism /rStephen Cairns --tEmpire-building and thinking in the Public Works Department of British India /rPeter Scriver --t"Strangers within the gate" : public works and industrial art reform /rArindam Dutta --tBetween copying and creation : the Jeypore portfolio of architectural details /rVrkamaditya Prakash --tInstitutional audiences and architectural style : the Napier Museum /rPaul Walker --tA tomb of one's own : the governor's house, Lahore /rSylvia Shorto --tThe other face of primitive accumulation : the garden house in British colonial Bengal /rSwati Chattopadhyay --tThe trouser under the cloth : personal space in colonial-modern Ceylon /rAnoma Pieris --tNegotiated modernities : symbolic terrains of housing in Delhi /rJyoti Hosagrahar. aA carefully crafted selection of essays from international experts, this book explores the effect of colonial architecture and space on the societies involved - both the colonizer and the colonized. Focusing on British India and Ceylon, the essays explore the discursive tensions between the various different scales and dimensions of such 'empire-building' practices and constructions. Providing a thorough exploration of these tensions, Colonial Modernities challenges the traditional literature on the architecture and infrastructure of the former European empires, not least that of the British Indian 'Raj'. 0aArchitecture, British colonialzIndia.97327 0aArchitecture and societyzIndia.97328 0aArchitecture, British colonialzSri Lanka.97329 0aArchitecture and societyzSri Lanka.973301 aScriver, Peter.973311 aPrakash, Vikramaditya.9733208iOnline version:tColonial modernities.dLondon ; New York : Routledge, 2007w(OCoLC)619749801 0aThe architext series.97333413Table of contents onlyuhttp://catdir.loc.gov/catdir/toc/ecip0619/2006028117.html a7bcbccorignewd1eecipf20gy-gencatlg 2ddccBK c353897d353897 00102ddc4070aSADAbSADAd2014-02-25l5o720.941 COL 2007pSADA0002247r2024-08-21s2024-04-16v4794.16w2014-02-28yBK